Large-scale events and sustainable urban regeneration (Record no. 79799)
[ view plain ]
| 000 -LEADER | |
|---|---|
| fixed length control field | 01085cab a22001935a 4500 |
| 001 - CONTROL NUMBER | |
| control field | L142415 |
| 008 - FIXED-LENGTH DATA ELEMENTS--GENERAL INFORMATION | |
| fixed length control field | 080213s2007 xxk f 000 0 eng d |
| 035 ## - SYSTEM CONTROL NUMBER | |
| System control number | (Sirsi) u142415 |
| 041 0# - LANGUAGE CODE | |
| Language code of text/sound track or separate title | eng |
| 100 1# - MAIN ENTRY--PERSONAL NAME | |
| Personal name | Smith, Andrew |
| 245 00 - TITLE STATEMENT | |
| Title | Large-scale events and sustainable urban regeneration |
| Remainder of title | key principles for host cities |
| 260 ## - PUBLICATION, DISTRIBUTION, ETC. | |
| Date of publication, distribution, etc. | 2008 |
| 490 ## - SERIES STATEMENT | |
| Series statement | Journal of Urban Regeneration and Renewal |
| Volume/sequential designation | 1(2), 178-190(13) |
| 520 ## - SUMMARY, ETC. | |
| Summary, etc. | Explores the ways in which the hosting of major events can be used as tools to catalyse sustainable urban regeneration. Makes recommendations for future host cities on the best ways to capitalise on such events. Suggests that these occasions can be used to target beneficiaries at neighbourhood level, avoiding the usual top-down approach they are seen as epitomising. Concludes with ten generic principles aimed at making the most of the possibilities for ongoing regeneration offered by the hosting of single or multiple events. |
| 590 ## - LOCAL NOTE (RLIN) | |
| Local note | KA |
| 651 #4 - SUBJECT ADDED ENTRY--GEOGRAPHIC NAME | |
| Geographic name | United Kingdom |
| Chronological subdivision | |
| 690 ## - LOCAL SUBJECT ADDED ENTRY--TOPICAL TERM (OCLC, RLIN) | |
| Topical term or geographic name as entry element | PROPERTY-PROPERTY MANAGEMENT-REGENERATION |
| 942 ## - ADDED ENTRY ELEMENTS (KOHA) | |
| Suppress in OPAC | 0 |
| Withdrawn status | Lost status | Source of classification or shelving scheme | Damaged status | Not for loan | Home library | Current library | Shelving location | Date acquired | Total Checkouts | Full call number | Barcode | Date last seen | Copy number | Price effective from | Koha item type |
|---|---|---|---|---|---|---|---|---|---|---|---|---|---|---|---|
| Dewey Decimal Classification | London | London | Journal article | 13/02/2008 | L142415 | 142415-1001 | 06/08/2019 | 1 | 06/08/2019 | Journal article |